000 00888nam a2200301Ia 4500
003 OSt
005 20220912145259.0
006 a|||||r|||| 00| 0
007 ta
008 220909b |||||||| |||| 00| 0 eng d
020 _a019806229X (pbk)
024 _a114074
037 _b1187, 30/11/2010, Ashutosh Technical Books
037 _cTextbook
040 _aCSL
_beng
_cCSL
041 _aeng
082 _aCM65, P9-;1 TC
100 _aSadiku Matthew N O
245 0 _aPrinciples of electromagnetics
250 _a4
260 _aOxford
_bOxford University Press
_c2009
300 _axvii, 734p.
_ccm.
500 _aAppendices A-F, 668-730p.; Index 731-734p.
650 _a Electromagnetics
650 _aPhysics
942 _hCM65, P9-;1 TC
_cTB
_2CC
999 _c27790
_d27790